| 000 -LEADER |
| fixed length control field |
02855cam a2200481Ia 4500 |
| 001 - CONTROL NUMBER |
| control field |
884336123 |
| 003 - CONTROL NUMBER IDENTIFIER |
| control field |
OCoLC |
| 005 - DATE AND TIME OF LATEST TRANSACTION |
| control field |
20210601194332.0 |
| 006 - FIXED-LENGTH DATA ELEMENTS--ADDITIONAL MATERIAL CHARACTERISTICS |
| fixed length control field |
m o d |
| 007 - PHYSICAL DESCRIPTION FIXED FIELD--GENERAL INFORMATION |
| fixed length control field |
cr cnu---unuuu |
| 008 - FIXED-LENGTH DATA ELEMENTS--GENERAL INFORMATION |
| fixed length control field |
140722s2014 nyua ob 001 0 eng d |
| 020 ## - INTERNATIONAL STANDARD BOOK NUMBER |
| International Standard Book Number |
9780071819282 |
| Qualifying information |
(electronic bk.) |
| 020 ## - INTERNATIONAL STANDARD BOOK NUMBER |
| International Standard Book Number |
0071819282 |
| Qualifying information |
(electronic bk.) |
| 020 ## - INTERNATIONAL STANDARD BOOK NUMBER |
| Canceled/invalid ISBN |
9780071664387 |
| 020 ## - INTERNATIONAL STANDARD BOOK NUMBER |
| Canceled/invalid ISBN |
0071664386 |
| 035 ## - SYSTEM CONTROL NUMBER |
| System control number |
(OCoLC)884336123 |
| 040 ## - CATALOGING SOURCE |
| Original cataloging agency |
TEFOD |
| Language of cataloging |
eng |
| Description conventions |
pn |
| Transcribing agency |
TEFOD |
| Modifying agency |
OCLCF |
| -- |
TEFOD |
| -- |
OCLCQ |
| -- |
TEFOD |
| -- |
YYE |
| 049 ## - LOCAL HOLDINGS (OCLC) |
| Holding library |
YYEA |
| 080 ## - UNIVERSAL DECIMAL CLASSIFICATION NUMBER |
| Universal Decimal Classification number |
575 |
| Item number |
S-31 |
| 099 ## - LOCAL FREE-TEXT CALL NUMBER (OCLC) |
| Classification number |
INTERNET LINK |
| 100 1# - MAIN ENTRY--PERSONAL NAME |
| Personal name |
Schaefer, G. Bradley. |
| 245 10 - TITLE STATEMENT |
| Title |
Medical genetics |
| Medium |
[electronic resource] : |
| Remainder of title |
an integrated approach / |
| Statement of responsibility, etc. |
G. Bradley Schaefer, James N. Thompson, Jr. |
| 260 ## - PUBLICATION, DISTRIBUTION, ETC. |
| Place of publication, distribution, etc. |
New York : |
| Name of publisher, distributor, etc. |
McGraw-Hill Education, |
| Date of publication, distribution, etc. |
c2014. |
| 300 ## - PHYSICAL DESCRIPTION |
| Extent |
1 online resource (x, 374 pages) : |
| Other physical details |
color illustrations. |
| 365 ## - TRADE PRICE |
| Price amount |
8.88 usd |
| 500 ## - GENERAL NOTE |
| General note |
EINSTEIN & MMC: available online via AccessMedicine. See Reference staff for assistance. |
| 504 ## - BIBLIOGRAPHY, ETC. NOTE |
| Bibliography, etc. note |
Includes bibliographical references and index. |
| 505 0# - FORMATTED CONTENTS NOTE |
| Formatted contents note |
Genetics : unity and diversity -- Information flow and levels of regulation -- The organization of development -- The structure and function of genes -- Clinical cytogenetics -- Mendelian genetics : patterns of gene transmission -- Mutation -- Metabolism -- Family history and pedigree analysis -- Multifactorial inheritance and gene x environment interactions -- Genetic testing and screening -- Atypical modes of inheritance -- Disorders of organelles -- Genetic therapeutics -- Population genetics and genetic diversity -- Of fruit flies, mice, and patients : tying it all together. |
| 520 ## - SUMMARY, ETC. |
| Summary, etc. |
Medical Genetics is the first text to focus on the everyday application of genetic assessment and its diagnostic, therapeutic, and preventive implications in clinical practice. It is intended to be a text that you can use throughout medical school and refer back to when questions arise during residency and, eventually, practice. Medical Genetics is written as a narrative where each chapter builds upon the foundation laid by previous ones. Chapters can also be used as stand-alone learning aids for specific topics. Taken as a whole, this timely book delivers a complete overview of genetics in medicine.--Back cover. |
| 588 0# - SOURCE OF DESCRIPTION NOTE |
| Source of description note |
Print version record. |
| 650 12 - SUBJECT ADDED ENTRY--TOPICAL TERM |
| Topical term or geographic name entry element |
Genetics, Medical. |
| 650 22 - SUBJECT ADDED ENTRY--TOPICAL TERM |
| Topical term or geographic name entry element |
Cytogenetics. |
| 650 22 - SUBJECT ADDED ENTRY--TOPICAL TERM |
| Topical term or geographic name entry element |
Genetic Phenomena |
| General subdivision |
genetics. |
| 650 22 - SUBJECT ADDED ENTRY--TOPICAL TERM |
| Topical term or geographic name entry element |
Genetic Techniques. |
| 653 ## - INDEX TERM--UNCONTROLLED |
| Uncontrolled term |
გენეტიკა |
| 653 ## - INDEX TERM--UNCONTROLLED |
| Uncontrolled term |
ციტოგენეტიკა |
| 655 #7 - INDEX TERM--GENRE/FORM |
| Genre/form data or focus term |
Electronic books. |
| 700 1# - ADDED ENTRY--PERSONAL NAME |
| Personal name |
Thompson, James N. |
| 710 2# - ADDED ENTRY--CORPORATE NAME |
| Corporate name or jurisdiction name as entry element |
McGraw-Hill Companies. |
| 710 2# - ADDED ENTRY--CORPORATE NAME |
| Corporate name or jurisdiction name as entry element |
AccessMedicine (Online service) |
| 776 08 - ADDITIONAL PHYSICAL FORM ENTRY |
| Relationship information |
Print version: |
| Main entry heading |
Schaefer, G. Bradley. |
| Title |
Medical genetics |
| International Standard Book Number |
9780071664387 |
| Record control number |
(OCoLC)870880087. |
| 942 ## - ADDED ENTRY ELEMENTS (KOHA) |
| Source of classification or shelving scheme |
|
| Koha item type |
Books |